| 000 | 01267nam a2200325Ia 4500 | ||
|---|---|---|---|
| 001 | ebr10620919 | ||
| 003 | CaPaEBR | ||
| 006 | m u | ||
| 007 | cr cn||||||||| | ||
| 008 | 120529s2012 vtu sb 001 0 eng d | ||
| 010 | _z 2012021796 | ||
| 020 | _z9781409440277 (hardcover : alk. paper) | ||
| 020 | _z9781409440284 (ebook) | ||
| 040 |
_aCaPaEBR _cCaPaEBR |
||
| 035 | _a(OCoLC)820816327 | ||
| 050 | 1 | 4 |
_aML3790 _b.O825 2012eb |
| 082 | 0 | 4 |
_a384 _223 |
| 100 | 1 |
_aOsborne, Richard, _d1967- |
|
| 245 | 1 | 0 |
_aVinyl _h[electronic resource] : _ba history of the analogue record / _cby Richard Osborne. |
| 260 |
_aBurlington, VT : _bAshgate, _cc2012. |
||
| 300 | _a[ix], 213 p. | ||
| 490 | 0 | _aAshgate popular and folk music series | |
| 504 | _aIncludes bibliographical references and index. | ||
| 533 |
_aElectronic reproduction. _bPalo Alto, Calif. : _cebrary, _d2011. _nAvailable via World Wide Web. _nAccess may be limited to ebrary affiliated libraries. |
||
| 650 | 0 |
_aSound recordings _xHistory. |
|
| 650 | 0 |
_aSound recording industry _xHistory. |
|
| 655 | 7 |
_aElectronic books. _2local |
|
| 710 | 2 | _aebrary, Inc. | |
| 856 | 4 | 0 |
_uhttp://site.ebrary.com/lib/rucke/Doc?id=10620919 _zAn electronic book accessible through the World Wide Web; click to view |
| 999 |
_c53956 _d53956 |
||